Cm̤o desarrollar habilidades de pensamiento Gua̕ basada en cinco propuestas de investigadores /

Bibliographic Details
Main Author: Mr̀quez Romero, Patricia
Format: eBook
Language:Spanish
Published: Bogot:̀ Ediciones de la U, 2014
Subjects:
Online Access:Acceso restringido

MARC

LEADER 00000nam a22000007a 4500
005 20210513005346.0
007 cr|||| ||||
008 210513s2014 co |||||s|||| 00||0 spa d
020 |a 978-958-762-247-8 
035 |a 33395 
040 |a vLex 
090 |c 11651  |d 11651 
100 1 |a Mr̀quez Romero, Patricia 
245 1 0 |a Cm̤o desarrollar habilidades de pensamiento  |h [Recurso electrn̤ico] :  |b Gua̕ basada en cinco propuestas de investigadores /  |c Patricia Mr̀quez Romero 
256 |a Servicio en ln̕ea 
260 |a Bogot:̀  |b Ediciones de la U,  |c 2014 
300 |a 1 recurso electrn̤ico 
500 |a Los docentes cada vez se hacen ms̀ conscientes de la necesidad de proporcionar a los estudiantes herramientas que les permitan -ms̀ que almacenar conocimientos- desempeąrse eficientemente en un mundo en constante cambio. Muchas investigaciones han demostrado que la dificultad para aplicar el conocimiento adquirido en la escuela est ̀estrechamente relacionada con la carencia de habilidades para procesar informacin̤, de manera que šta sea fc̀ilmente asimilable, recordable y aplicable en los diferentes m̀bitos de la vida. 
506 1 |a Disponible solo en los productos indicados  |d vLex Global  |d vLex Global (Academic Edition, excluding Law Schools)  |d vLex Global (U.S. Academic Edition, Law Schools)  |d vLex Global (U.S. Academic Edition, excluding Law Schools)  |d vLex Global (Academic Edition, Law Schools) 
650 0 4 |a Educacin̤  |z Colombia 
740 0 |a vLex Libros (Servicio en ln̕ea) 
856 4 0 |u https://vlex.com/source/como-desarrollar-habilidades-de-pensamiento-guia-basada-en-cinco-propuestas-de-investigadores-33395  |z Acceso restringido 
942 |c BOOK 
999 0 |a Education